书目信息 |
| 题名: |
实用硬笔书法教程
|
|
| 作者: | 陈民民 主编 | |
| 分册: | ||
| 出版信息: | 上海 华东理工大学出版社 2001.09 |
|
| 页数: | 126页 | |
| 开本: | 26cm | |
| 丛书名: | ||
| 单 册: | ||
| 中图分类: | J292.12 | |
| 科图分类: | ||
| 主题词: | 书法--中国 , 篆刻--中国 | |
| 电子资源: | ||
| ISBN: | 7-5628-1193-8 | |
| 000 | 00590nam0 2200205 45 | |
| 001 | 0459671092 | |
| 005 | 20141008090446.21 | |
| 010 | @a7-5628-1193-8@dCNY 12.50 | |
| 100 | @a20040512d2001 km y0chiy0120 ea | |
| 101 | 0 | @achi |
| 102 | @aCN@b310000 | |
| 200 | 1 | @a实用硬笔书法教程@AShi Yong Ying Bi Shu Fa Jiao Cheng@f陈民民主编@FChen Min Min Zhu Bian |
| 210 | @a上海@c华东理工大学出版社@d2001.09 | |
| 215 | @a126页@d26cm | |
| 606 | 0 | @a书法@x中国 |
| 606 | 0 | @a篆刻@x中国 |
| 690 | @aJ292.12@v4 | |
| 701 | 0 | @a陈民民@AChen Min Min@4主编 |
| 801 | 0 | @aCN@bPFT@c20040512 |
| 905 | @dJ292.12@eC514 | |
| 实用硬笔书法教程/陈民民主编.-上海:华东理工大学出版社,2001.09 |
| 126页;26cm |
| ISBN 7-5628-1193-8:CNY 12.50 |
| ● |
| 相关链接 |
|
|
|
正题名:实用硬笔书法教程
索取号:J292.12/C514
 
预约/预借
| 序号 | 登录号 | 条形码 | 馆藏地/架位号 | 状态 | 备注 |
| 1 | 397827 | 203978277 | 社科库309/309社科库 79排4列1层/ [索取号:J292.12/C514] | 在馆 | |
| 2 | 397828 | 203978286 | 社科库309/ [索取号:J292.12/C514] | 在馆 | |
| 3 | 397829 | 203978295 | 社科库309/309社科库 79排4列1层/ [索取号:J292.12/C514] | 在馆 | |
| 4 | 494481 | 204944819 | 社科库309/309社科库 79排4列1层/ [索取号:J292.12/C514] | 在馆 |